clash of clans - builder base - Statistics

General Stats
  • This quiz has been taken 27 times
  • The average score is 32 of 45
Answer Stats
Answer % Correct
battle machine
100%
cannon
95%
archer tower
90%
double cannon
90%
sneaky archer
90%
cannon cart
86%
night witch
86%
raged barbarian
86%
battle copter
81%
gold mine
81%
hog glider
81%
multi mortar
81%
army camp
76%
elixir collector
76%
spring trap
76%
air bombs
71%
baby dragon
71%
boxer giant
71%
elixir storage
71%
giant cannon
71%
gold storage
71%
hidden tesla
71%
mega tesla
71%
xbow
71%
beta minion
67%
bomber
67%
builder hall
67%
drop ship
67%
electrofire wizard
67%
gem mine
67%
mega mine
67%
mine
67%
push trap
67%
guard post
62%
healing hut
62%
wall
62%
clock tower
57%
crusher
57%
firecrackers
57%
power pekka
57%
roaster
57%
builder barracks
52%
reinforcement camp
52%
star laboratory
48%
bob control
29%
No matching quizzes found
Score Distribution
Percent of People with Each Score
Percentile by Number Answered
Your Score History
You have not taken this quiz